00872nam a2200217 a 450000100100000000500170001000800410002704000250006808200200009310000370011324500540015026000320020430000200023659000760025665000360033265100360036891000330040404900090043795201910044699900170063700003483120240306073910.0111020s1954 cu 000 0 spa d aDO-SdBNPbspacBNPHU a972.9105bM378p1 aMartí, José,d1853-1895964513aEl presidio político en Cuba /cJosé Martí. aLa Habana :b[s.n.],c1954. a47 p. ;c23 cm. aPerteneció a la biblioteca personal de Juan Isidro Jimenes Grullón. 4aPresos políticoszCuba960351 4aCubaxHistoriay1810-189992159 aValidado. Control de calidad aBNPD 001050718RVaGRbGRcCTd2011-10-20iLF1l0o972.9105 M378pp34831-10r2020-06-25w2020-06-25y1zPerteneció a la biblioteca personal de Juan Isidro Jimenes- GrullónZNo se presta c34322d34322